Ponencias/
Salvato in:
| Ente Autore: | |
|---|---|
| Natura: | Atti del Convegno Libro |
| Lingua: | Spanish |
| Pubblicazione: |
Chile:
Comisión Sudamericana de Paz; Instituto Latinoamericano de Estudios Transnacionales,
1988
|
| Soggetti: | |
| Tags: |
Aggiungi Tag
Nessun Tag, puoi essere il primo ad aggiungerne!!
|
MARC
| LEADER | 00000nam a22000007a 4500 | ||
|---|---|---|---|
| 003 | cru CIDCACS/IIS | ||
| 005 | 20221206124311.0 | ||
| 007 | ta | ||
| 008 | 200422n cl |||p|r||||||0| ||spa|d | ||
| 040 | |c cru CIDCACS/IIS | ||
| 245 | 1 | |a Ponencias/ |c Comisión Sudamericana de Paz, Instituto Latinoamericano de Estudios Transnacionales | |
| 260 | |a Chile: |b Comisión Sudamericana de Paz; |b Instituto Latinoamericano de Estudios Transnacionales, |c 1988 | ||
| 300 | |a 24 páginas | ||
| 650 | 0 | |9 2306 |a SEMINARIOS | |
| 711 | |9 9243 |a Seminario Internacional Seguridad democrática regional: una concepción alternativa de seguridad |c Santiago, Chile |d 23-26 marzo 1988 |e Comisión Sudamericana de Paz | ||
| 773 | 0 | |0 43087 |9 4549 |a Comisión Sudamericana de Paz |d Chile: Comisión Sudamericana de Paz; Instituto Latinoamericano de Estudios Transnacionales |o 03555 |t Documento de trabajo/ | |
| 942 | |2 ddc |c PP |s 1 | ||
| 999 | |c 43088 |d 43088 | ||
